00245nam a2200109Ia 4500003000400000005001700004008004100021020001900062040001700081100001400098245002300112OSt20240306155955.0170524s9999 xx 000 0 und d a978-8122413724 cIIMTU MEERUT aRAO- G.S. 0aNUMERICAL ANALYSIS